Corporate governance. (Record no. 4936)

MARC details
000 -CABECERA
campo de control de longitud fija 02182cas a2200373 a 4500
001 - NÚMERO DE CONTROL
campo de control 17955683
005 - FECHA Y HORA DE LA ÚLTIMA TRANSACCIÓN
campo de control 20250915092452.0
006 - CÓDIGOS DE INFORMACIÓN DE LONGITUD FIJA--CARACTERÍSTICAS DEL MATERIAL ADICIONAL
campo de control de longitud fija m o d
007 - CAMPO FIJO DE DESCRIPCIÓN FÍSICA--INFORMACIÓN GENERAL
campo de control de longitud fija cr mnu||||||||
008 - DATOS DE LONGITUD FIJA--INFORMACIÓN GENERAL
campo de control de longitud fija 010630c20019999enkqx pso 0 a0eng c
010 ## - NÚMERO DE CONTROL DE LA BIBLIOTECA DEL CONGRESO
Número de control de LC 2004255457
015 ## - NÚMERO DE BIBLIOGRAFÍA NACIONAL
Número de bibliografía nacional GBB3A4814
Fuente bnb
016 7# - NÚMERO DE CONTROL DE UNA AGENCIA BIBLIOGRÁFICA NACIONAL
Número de control del registro 012432588
Fuente Uk
016 ## - NÚMERO DE CONTROL DE UNA AGENCIA BIBLIOGRÁFICA NACIONAL
Número de control del registro 012432588
022 ## - NÚMERO INTERNACIONAL NORMALIZADO PARA PUBLICACIONES SERIADAS
Número Internacional Normalizado para Publicaciones Seriadas 1758-6054
ISSN-L 1472-0701
Fuente 2
035 ## - NÚMERO DE CONTROL DEL SISTEMA
Número de control de sistema (OCoLC)47222706
040 ## - FUENTE DE LA CATALOGACIÓN
Centro catalogador/agencia de origen OH1
Lengua de catalogación eng
Normas de descripción pn
Centro/agencia transcriptor OH1
Centro/agencia modificador OCLCQ
-- EYM
-- OCLCQ
-- ZCU
-- OCL
-- OCLCQ
-- OCLCS
-- GUA
-- OCLCQ
-- VRC
-- UKMGB
-- OCLCQ
-- OCLCF
-- BEDGE
-- OCLCO
-- OCLCQ
-- DLC
-- NLE
-- VT2
-- QGK
-- OCLCQ
-- IOY
-- OCLCL
042 ## - CÓDIGO DE AUTENTICACIÓN
Código de autenticación pcc
043 ## - CÓDIGO DE ÁREA GEOGRÁFICA
Código de área geográfica n-us---
050 00 - SIGNATURA TOPOGRÁFICA DE LA BIBLIOTECA DEL CONGRESO
Número de clasificación HD2741
130 0# - ENTRADA PRINCIPAL--TÍTULO UNIFORME
Título uniforme Corporate governance (Bradford, England : Online)
222 #0 - TÍTULO CLAVE
Título clave Corporate governance
Información calificativa (Bingley. Online)
245 10 - MENCIÓN DE TÍTULO
Título Corporate governance.
260 ## - PUBLICACIÓN, DISTRIBUCIÓN, ETC.
Lugar de publicación, distribución, etc. Bradford, England :
Nombre del editor, distribuidor, etc. MCB University Press,
Fecha de publicación, distribución, etc. 2001-
362 0# - FECHAS DE PUBLICACIÓN Y/O DESIGNACIÓN SECUENCIAL
Fecha de publicación y/o designación secuencial Vol. 1, issue 1 (2001)-
500 ## - NOTA GENERAL
Nota general "The international journal for effective board performance"
500 ## - NOTA GENERAL
Nota general Title from general information screen (viewed June 24, 2001).
520 ## - SUMARIO, ETC.
Sumario, etc. Corporate Governance is an ongoing scholarly journal first published in Bradford, England by MCB University Press in 2001. It is issued in electronic format and continues to the present day. The journal carries the ISSN 1758-6054 and is also known by the uniform title Corporate Governance (Bradford, England : Online).<br/><br/>Its focus is on the theory and practice of corporate governance, with coverage that includes the United States as well as international perspectives. Regularly issued articles examine corporate structures, responsibilities, accountability, and the challenges of governance in contemporary organisations.<br/><br/>The journal is classified under HD2741 in the Library of Congress system and is available as an electronic journal.<br/><br/>An online version can be accessed through institutional subscriptions.
650 #0 - PUNTO DE ACCESO ADICIONAL DE MATERIA--TÉRMINO DE MATERIA
Término de materia o nombre geográfico como elemento de entrada Corporate Governance
Subdivisión geográfica United States
Subdivisión de forma Periodicals.
650 #0 - PUNTO DE ACCESO ADICIONAL DE MATERIA--TÉRMINO DE MATERIA
Término de materia o nombre geográfico como elemento de entrada Corporate Governance
Subdivisión de forma Periodicals.
655 #0 - TÉRMINO DE INDIZACIÓN--GÉNERO/FORMA
Datos o término principal de género/forma Electronic journals.
856 ## - LOCALIZACIÓN Y ACCESO ELECTRÓNICOS
Identificador Uniforme del Recurso <a href="https://bibliotheque.tbs-education.fr/Default/doc/PUBFINDER/edp88627/corporate-governance">https://bibliotheque.tbs-education.fr/Default/doc/PUBFINDER/edp88627/corporate-governance</a>
942 ## - ELEMENTOS DE ENTRADA AGREGADA (KOHA)
Fuente del sistema de clasificación o colocación Clasificación de Library of Congress
Holdings
Estado de retiro Estado de pérdida Fuente del sistema de clasificación o colocación Estado dañado No para préstamo Biblioteca de origen Biblioteca actual Fecha de adquisición Total de préstamos Fecha visto por última vez Identificador Uniforme del Recurso Precio válido a partir de Tipo de ítem Koha
    Clasificación de Library of Congress     TBS Barcelona TBS Barcelona 15/09/2025   15/09/2025 https://bibliotheque.tbs-education.fr/Default/doc/PUBFINDER/edp88627/corporate-governance 15/09/2025 Academic Journal

Powered by Koha